000 00521nam a22001817a 4500
020 _a9789355495167
082 _aM 894.812 092
_bIND/N
100 _aIndumenon
245 _aNjanoru pavam guitaralle enthinanu neeyenne kattarakondu meettunnathu/
_cby Indumenon
260 _aKozhikode:
_bMathrubhumi books,
_c2022.
300 _a296p.
650 _aAutobiography Indumenon
650 _aBiography Malayalam Writers
650 _aBiography
650 _aLiterature Malayalam
650 _aLiterature
942 _cBK
999 _c181922
_d181922